| 000 | 00597nam a2200205Ia 4500 | ||
|---|---|---|---|
| 005 | 20250611153132.0 | ||
| 008 | 008 250516s9999 xx 000 0 eng d | ||
| 020 | _a9781666947908 | ||
| 040 |
_beng _cSDCL |
||
| 041 |
_aeng _2eng |
||
| 084 | _aV:(G:55) R4 | ||
| 245 | 0 |
_aPost green : _bLiterature, culture, and the environment |
|
| 260 |
_aLondon : _bLexington Books, _c2024. |
||
| 300 | _aviii, 223p. | ||
| 490 | _aEcocritical theory and practice | ||
| 650 | _aReference | ||
| 700 |
_aSivaramakrishnan, Murali Ed. _9812635 |
||
| 700 |
_aRoy, Animesh Ed. _9812636 |
||
| 942 |
_cTEXL _2CC |
||
| 999 |
_c1429692 _d1429692 |
||